Statistics for Valid Roman Emperor A-Z

Click here to take the quiz!

General Stats

  • This quiz has been taken 38 times
  • The average score is 11 of 19

Answer Stats

LetterEmperors% Correct
AAugustus | Antoninus Pius | Aemilian | Aurelian | Avitus | Anthemius
97%
CCaligula | Claudius | Commodus | Caracalla | Claudius Gothicus | Carus +8
93%
NNero | Nerva | Numerian
90%
HHadrian | Herennius Etruscus | Hostilian | Honorius
83%
TTiberius | Titus | Trajan | Trebonianus Gallus | Tacitus | Theodosius I
80%
VVitellius | Vespasian | Volusianus | Valerian | Valerius Valens | Vetranio +5
70%
MMarcus Aurelius | Macrinus | Maximinus Thrax | Maximian | Maxentius | Maximinus +4
67%
DDomitian | Didius Julianus | Diadumenian | Decius | Diocletian
60%
JJulian | Jovian | Joannes | Julius Nepos
57%
EElagabalus | Eugenius
47%
GGalba | Geta | Gordian I | Gordian II | Gordian III | Gallienus +3
47%
OOtho | Olybrius
47%
PPertinax | Pupienus | Philip the Arab | Philip II | Probus | Petronius Maximus
43%
SSeptimius Severus | Severus Alexander | Saloninus | Severus
43%
BBalbinus
37%
LLucius Verus | Licinius | Libius Severus
37%
FFlorianus
33%
QQuintillus
30%
RRomulus Augustulus
20%

Score Distribution

Percentile by Number Answered

Percent of People with Each Score

Your Score History

You have not taken this quiz